Statistics for jetstarの国内線

Click here to take the quiz!

General Stats

  • This quiz has been taken 57 times
  • The average score is 15 of 17

Answer Stats

% Correct
成田新千歳
96%
成田福岡
96%
名古屋福岡
96%
大阪新千歳
96%
成田関西
94%
大阪那覇
92%
名古屋那覇
92%
成田那覇
92%
成田熊本
88%
成田長崎
87%
成田宮崎
87%
成田鹿児島
85%
成田松山
85%
成田高知
77%
成田大分
77%
大阪成田
69%
成田旭川
56%

Score Distribution

Percentile by Number Answered

Percent of People with Each Score

Your Score History

You have not taken this quiz